|
|
|
|
| LEADER |
01774nam a2200433Ia 4500 |
| 001 |
EBC3012605 |
| 003 |
MiAaPQ |
| 005 |
20200520144314.0 |
| 006 |
m o d | |
| 007 |
cr cn||||||||| |
| 008 |
100924s2006 dcua sb i001 0 eng d |
| 035 |
|
|
|a (MiAaPQ)EBC3012605
|
| 035 |
|
|
|a (Au-PeEL)EBL3012605
|
| 035 |
|
|
|a (CaPaEBR)ebr10348711
|
| 035 |
|
|
|a (OCoLC)946263660
|
| 040 |
|
|
|a MiAaPQ
|c MiAaPQ
|d MiAaPQ
|
| 050 |
|
4 |
|a HG3881
|b .F85434 2006
|
| 245 |
0 |
0 |
|a Finance and development
|h [electronic resource] :
|n Volume 43, no. 4,
|p Africa :
|b making its move /
|c [Laura Wallace, editor-in-chief].
|
| 246 |
3 |
|
|a F&D :
|b Finance and development.
|n Volume 43, no. 4,
|p Africa : making its move
|
| 246 |
3 |
|
|a Finance & development
|
| 246 |
3 |
|
|a Africa making its move.
|n Volume 43, no. 4,
|p Africa :
|b making its move
|
| 260 |
|
|
|a Washington, D.C. :
|b International Monetary Fund,
|c 2006.
|
| 300 |
|
|
|a 57 p. :
|b ill.
|
| 490 |
1 |
|
|a Finance and development,
|x 0015-1947 ;
|v v. 43, no. 4
|
| 500 |
|
|
|a "December 2006".
|
| 504 |
|
|
|a Includes bibliographical references and index.
|
| 533 |
|
|
|a Electronic reproduction. Ann Arbor, MI : ProQuest, 2015. Available via World Wide Web. Access may be limited to ProQuest affiliated libraries.
|
| 600 |
1 |
0 |
|a Issing, Otmar.
|
| 650 |
|
0 |
|a Economic development
|z Africa
|x Forecasting.
|
| 651 |
|
0 |
|a Africa
|x Economic policy.
|
| 651 |
|
0 |
|a Africa
|x Economic conditions
|y 21st century.
|
| 655 |
|
4 |
|a Electronic books.
|
| 700 |
1 |
|
|a Wallace, Laura.
|
| 710 |
2 |
|
|a World Bank.
|
| 710 |
2 |
|
|a International Monetary Fund.
|
| 710 |
2 |
|
|a World Bank Group.
|
| 710 |
2 |
|
|a ProQuest (Firm)
|
| 830 |
|
0 |
|a Finance and development ;
|v v. 43, no. 4.
|
| 856 |
4 |
0 |
|u https://ebookcentral.proquest.com/lib/matrademy/detail.action?docID=3012605
|z Click to View
|